Normal view
MARC view
- DIGITAL PRINCIPLES
Entry Topical Term
001 - CONTROL NUMBER
- control field: 60863
003 - CONTROL NUMBER IDENTIFIER
- control field: NUST
005 - DATE AND TIME OF LATEST TRANSACTION
- control field: 20210628202636.0
008 - FIXED-LENGTH DATA ELEMENTS
- fixed length control field: 210628|| aca||aabn | a|a d
040 ## - CATALOGING SOURCE
- Original cataloging agency: NUST
- Transcribing agency: NUST
150 ## - HEADING--TOPICAL TERM
- Topical term or geographic name entry element: DIGITAL PRINCIPLES
670 ## - SOURCE DATA FOUND
- Source citation: Work cat.: (NUST): Tocci, Ranald J,Widmer, Neal S 60862, Digital systems prinicple and applications, 2002
